| 000 | 00554nam a2200205Ia 4500 | ||
|---|---|---|---|
| 003 | OSt | ||
| 005 | 20220826141340.0 | ||
| 008 | 220826b |||||||| |||| 00| 0 eng d | ||
| 020 | _a0619216972 | ||
| 040 | _cIFM Library | ||
| 082 | _a005.5 | ||
| 100 |
_aBrady,Joseph A. _95010 |
||
| 245 | _aProblem-solving cases in microsoft access and excel. | ||
| 250 | _athird edition | ||
| 260 |
_aAustralia: _bThomson, _c2005 |
||
| 300 |
_aviii,278p.: _bill; 28cm. |
||
| 650 |
_aMicrosoft Access. _95011 |
||
| 700 |
_aMonk, Ellen F. _95219 |
||
| 942 |
_cBK _2ddc _n0 |
||
| 999 |
_c11618 _d11618 |
||